000 00641nam a2200217 4500
003 OSt
005 20240620064731.0
006 a
008 240620b |||||||| |||| 00| 0 eng d
020 _a978753717264
040 _aDWCL-HMN lib.
_cOC
082 _aCirc. 641.555 B294h 2008
100 _aBarty, Carolina
245 _aHomemade meals : over 175 healthy, wholesome and delicious recipes /
260 _aLondon :
_bBounty Books,
_cc2008.
300 _b256 p. : ill. col. ;
_c23 cm.
504 _aIncludes index.
650 _a1. Quick and easy cooking.
650 _a2. International cooking.
942 _2ddc
_n0
_cBK-CIRC
_kCirc.
999 _c994
_d994